000 00429cam a2200157 i 4500
040 _cDLC
082 0 0 _a657 THE 1976 C160 Or.
110 1 _aTanzania.
245 1 0 _aManual & textbook for village book-keeping system /
260 _a[Dar es Salaam :
_bThe Department,
_c1976]
300 _a166 leaves :
_bill. ;
_c33 cm.
500 _aCover title.
650 0 _aAccounting.
650 0 _aAgriculture, Cooperative
942 _cAEDBB
999 _c19072
_d19072